OLEANDER GIRL (Record no. 21736)

MARC details
000 -LEADER
fixed length control field 00326nam a2200133Ia 4500
008 - FIXED-LENGTH DATA ELEMENTS--GENERAL INFORMATION
fixed length control field 240624s9999 xx 000 0 und d
041 ## - LANGUAGE CODE
Language code of text/sound track or separate title eng
082 ## - DEWEY DECIMAL CLASSIFICATION NUMBER
Classification number 823 BAN
100 ## - MAIN ENTRY--PERSONAL NAME
Personal name DIVAKARUNI CHITRA BANERJEE
245 ## - TITLE STATEMENT
Title OLEANDER GIRL
260 ## - PUBLICATION, DISTRIBUTION, ETC.
Date of publication, distribution, etc. 2013
Place of publication, distribution, etc. New Delhi
Name of publisher, distributor, etc. Penguin Books India
300 ## - PHYSICAL DESCRIPTION
Extent 304 : p.
365 ## - TRADE PRICE
Currency code RS
Price amount 25
Holdings
Withdrawn status Lost status Damaged status Not for loan Home library Current library Shelving location Date acquired Source of acquisition Cost, normal purchase price Full call number Barcode Date last seen Copy number Price effective from Koha item type
        IMTN IMTN Rack 39-A 09/12/2013 UBS 499.00 823 BAN 21736 06/24/2024 1 06/24/2024 Books
Designed & Maintained by: LRC IMT Nagpur Contact: lrc@imtnag.ac.in© 2024. All Rights Reserved.